| 000 -CABECERA |
| Longitud fija campo de control |
01073nas a22002657a 4500 |
| 003 - IDENTIFICADOR DEL NÚMERO DE CONTROL |
| Identificador del número de control |
OSt |
| 005 - FECHA Y HORA DE LA ÚLTIMA TRANSACCIÓN |
| Fecha y hora de la última transacción |
20181023120735.0 |
| 008 - CÓDIGOS DE INFORMACIÓN DE LONGITUD FIJA |
| Códigos de información de longitud fija |
130703s1989 sp a|||| |||| 00| 0 cat d |
| 022 ## - NÚMERO INTERNACIONAL NORMALIZADO PARA PUBLICACIONES SERIADAS |
| Número Internacional Normalizado para Publicaciones Seriadas |
1130-183X |
| 040 ## - FUENTE DE LA CATALOGACIÓN |
| Centro transcriptor |
CDMR |
| Lengua de catalogación |
cat |
| 245 00 - MENCIÓN DE TÍTULO |
| Título |
Periodística |
| Resto del título |
: revista acadèmica |
| 260 ## - PUBLICACIÓN, DISTRIBUCIÓN, ETC. (PIE DE IMPRENTA) |
| Lugar de publicación, distribución, etc. |
Barcelona |
| Nombre del editor, distribuidor, etc. |
Societat Catalana de Comunicació, IEC |
| 260 ## - PUBLICACIÓN, DISTRIBUCIÓN, ETC. (PIE DE IMPRENTA) |
| Nombre del editor, distribuidor, etc. |
Universitat Pompeu Fabra. Departament de Periodisme i de Comunicació Audiovisual |
| Fecha de publicación, distribución, etc. |
1989- |
| 310 ## - PERIODICIDAD ACTUAL |
| Periodicidad actual |
Anual |
| 362 ## - FECHAS DE PUBLICACIÓN Y/O DESIGNACIÓN SECUENCIAL |
| Fecha de publicación y/o designación secuencial |
Núm. 1 (1989) - |
| 500 ## - NOTA GENERAL |
| Nota general |
No es va publicar cap número durant l'any 2009. |
| 650 04 - PUNTO DE ACCESO ADICIONAL DE MATERIA - TÉRMINO DE MATERIA |
| 9 (RLIN) |
3127 |
| Término de materia o nombre geográfico como elemento inicial |
Televisió |
| Subdivisión geográfica |
Catalunya |
| Subdivisión de forma |
Revistes |
| 650 04 - PUNTO DE ACCESO ADICIONAL DE MATERIA - TÉRMINO DE MATERIA |
| 9 (RLIN) |
3172 |
| Término de materia o nombre geográfico como elemento inicial |
Periodisme |
| Subdivisión geográfica |
Catalunya |
| Subdivisión de forma |
Revistes |
| 650 04 - PUNTO DE ACCESO ADICIONAL DE MATERIA - TÉRMINO DE MATERIA |
| 9 (RLIN) |
3105 |
| Término de materia o nombre geográfico como elemento inicial |
Radiodifusió |
| Subdivisión geográfica |
Catalunya |
| Subdivisión de forma |
Revistes |
| 650 04 - PUNTO DE ACCESO ADICIONAL DE MATERIA - TÉRMINO DE MATERIA |
| 9 (RLIN) |
4334 |
| Término de materia o nombre geográfico como elemento inicial |
Mitjans de comunicació de massa |
| Subdivisión de materia general |
Història |
| Subdivisión geográfica |
Catalunya |
| 710 2# - PUNTO DE ACCESO ADICIONAL - NOMBRE DE ENTIDAD |
| 9 (RLIN) |
94 |
| Nombre de entidad o nombre de jurisdicción como elemento inicial |
Societat Catalana de Comunicació |
| 710 2# - PUNTO DE ACCESO ADICIONAL - NOMBRE DE ENTIDAD |
| 9 (RLIN) |
619 |
| Nombre de entidad o nombre de jurisdicción como elemento inicial |
Universitat Pompeu Fabra |
| Unidad subordinada |
-- Departament de Periodisme i de Comunicació Audiovisual |
| 856 40 - LOCALIZACIÓN Y ACCESO ELECTRÓNICO |
| Identificador Uniforme del Recurso (URI) |
<a href="http://www.raco.cat/index.php/Periodistica/index">http://www.raco.cat/index.php/Periodistica/index</a> |
| Texto del enlace |
Disponible en línia (RACO) |
| 856 40 - LOCALIZACIÓN Y ACCESO ELECTRÓNICO |
| Identificador Uniforme del Recurso (URI) |
<a href="https://dialnet.unirioja.es/servlet/revista?codigo=17342">https://dialnet.unirioja.es/servlet/revista?codigo=17342</a> |
| Texto del enlace |
Disponible en línia a Dialnet |
| 942 ## - ENTRADA DE ELEMENTOS AGREGADOS (KOHA) |
| Fuente de clasificaión o esquema |
|
| Koha [por defecto] tipo de item |
Publicacions periòdiques |
| Marca de registro de periódicas |
1 |